000 00733nam a2200253Ia 4500
003 OSt
005 20220928123953.0
006 a|||||r|||| 00| 0
007 ta
008 220927b |||||||| |||| 00| 0 eng d
024 _a122419
037 _cTextual
040 _aSDCL
_cSDCL
_beng
041 _2eng
_aeng
082 _aG:68:f3, M4
100 _aSilhavy Tomas J
_9462806
245 0 _aExperiments with gene fusions.
260 _aNew York
_b Cold Spring Harbor Laboratory
_c1984
300 _axv,303p
_ccm.
700 _a Berman Michael L
_9462807
700 _a Enquist Lynn W
_9462808
942 _hG:68:f3, M4
_cTEXL
_2CC
999 _c775776
_d775776